00840nam a2200217Ia 4500001001000000003000500010008004100015010001100056040000900067100003600076245015800112260008200270300001000352440003500362650003600397650002400433650002700457700003100484700002600515710008100541Para_6578CHAP220125s1986 xx 000 0 und d a205104 cCHAP aPlascencia Martínez, Julián aFrijol :b oferta, demanda e inversión en la investigación agrícola /c por Julian Plascencia Martínez, Elda Ma. Borge Mena, Enrique Reyna Corona aMéxico :b Instituto Nacional de Investigaciones Forestales y Agropecuarias a72 p. aFolleto de investigación; 66 aFrijol x aspectos económicos aFrijol x mercadeo  aFrijol x rendimiento  aBorges Mena, Elda María  aReyna corona, Enrique aInstituto Nacional de Investigaciones Forestales y Agropecuarias ( México)